000 00205nam a22001097a 4500
041 _aeng
080 _a80
100 _aBorowsky, P.
245 _aDeutschland 1945-1969
650 _aGerman
999 _c277742
_d277742
942 _cBK